000
00284nam a22001337a 4500
008
180111b xxu||||| |||| 00| 0 eng d
020
_a
CM4023K
041
_a
eng
080
_a
611
100
_a
7
101
_a
ANA
245
_a
Comlex Level 1 Physiology
_c
Kaplan
942
_2
udc
_c
BK
999
_c
40144
_d
40144